| 000 | 00459nam a2200181Ia 4500 | ||
|---|---|---|---|
| 005 | 20250423095942.0 | ||
| 008 | 250422s9999 xx 000 0 und d | ||
| 020 | _a9780521540889 | ||
| 050 | _aP 121 .L9/ | ||
| 100 | _aLyons, John | ||
| 245 | 0 | _aLanguage and linguistics : an introduction | |
| 260 | _aUK | ||
| 260 | _bCambridge University Press | ||
| 260 | _c2009 | ||
| 300 | _a356 p | ||
| 650 | _aLinguistics. Language and languages. | ||
| 942 | _cBK | ||
| 999 |
_c31834 _d31834 |
||